000 00533nam a22001937a 4500
003 OSt
005 20210416105803.0
008 210306s1966 ||||| |||| 00| 0 eng d
040 _aeng
_beng
_cDLC
041 _aeng
080 _a821.111
_bW-16
100 _91269
_aWain, John
245 _aSelected Stories of Thomas Hardy
_c/ by: Macmillan
260 _aLondon
_bMacmillan
_c1966
300 _a217 p.
650 0 _9247
_aEnglish literature
653 _aინგლისური ლიტერატურა
942 _2udc
_cBK
999 _c2005
_d2005